000 00296nam a2200145Ia 4500
100 _aSudha Murthy
650 _aFiction
942 _cBK
366 _f17.5
245 _aHow I taught my grandmother to read
260 _b#N/A
082 _a808.83/SUD
_bSUD
546 _aENGLISH
999 _c30973
_d30973